00581 2200181 4500001002100000005001500021035002000036245013900056100002800195260004400223300002500267020002200292084001400314082000800328650001000336008004100346990001200387INLIS00000000000271020251007091703 a0010-09250000571 aTerapi Pikiran Bahagia : Cara Cepat Dan Terhormat Agar Hidup Lebih Sukses Lebih Berkualitas Dan Spektakuler /cOktastika Badai Hirmala aOktastika Badai Hirmala aJakarta :bEsensi Erlangga Group,c2014 a52 ;c(14,5 x 21 cm) a978-602-70319-0-6 a600 OKT t a600 4aFiksi251007 0  a0754912